00481nam a2200145Ia 4500008004100000041000800041082001500049100001600064245004500080260002700125300003300152365001100185999001700196952012200213240624s9999 xx 000 0 und d aeng a658.88 JOS aJOSEPH CIBY aADVANCED CREDIT RISK ANALYSIS AND MANAGE c2013aNew DelhibWiley axviii, : 427 : p. : cm. ; 23 cRSb31 c23022d23022 00104070aIMTNbIMTNcRack 35-Bd2014-09-25eIBHg599.00o658.88 JOSp23022r2024-06-24 00:00:00t1w2024-06-24yBK